Normal view
MARC view
- Gilmore, George W.
Entry Personal Name
001 - CONTROL NUMBER
- control field: 23402
003 - CONTROL NUMBER IDENTIFIER
- control field: NUST
005 - DATE AND TIME OF LATEST TRANSACTION
- control field: 20191009121115.0
008 - FIXED-LENGTH DATA ELEMENTS
- fixed length control field: 191009|| aca||aabn | a|a d
040 ## - CATALOGING SOURCE
- Original cataloging agency: NUST
- Transcribing agency: NUST
100 ## - HEADING--PERSONAL NAME
- Personal name: Gilmore, George W.
- Fuller form of name: (George William),
- Dates associated with a name: 1858-1933,
- Relator term: joint ed.
670 ## - SOURCE DATA FOUND
- Source citation: Work cat.: (NUST)0: The new Schaff-Herzog encyclopedia of religious knowledge,, [1908-c1914]
